000 00699nam a2200181 i 4500
001 45139
003 ES-MaACL
005 20251004063104.0
007 t|
008 030325s1911 sp ||||1| spa d
080 _a025.45 CDU (083.74)
100 1 _aCodorniu y Stárico, Ricardo,
_d1846-1923
_939445
245 1 0 _aClasificación bibliográfica decimal y extracto de las tablas empleadas en el repertorio bibliográfico universal para uso del personal facultativo de Montes /
_cRicardo Codorniu y Stárico.
260 _aMadrid :
_b[s.n.,
_c1911] (
_fImp. Alemana)
650 7 _aClasificación decimal universal
_2embne
_9164660
852 _aES-MaACL
_jT-1255-F-2
999 _c45139
_d45139